| 000 | 00555nam a22001577a 4500 | ||
|---|---|---|---|
| 005 | 20251108171113.0 | ||
| 008 | 250721s9999 xx 000 0 ara d | ||
| 082 | 1 | 4 | _a214/شوك |
| 100 | 1 | _aالشوكاني، محمد بن علي بن محمد بن عبد الله | |
| 245 | 1 | 0 | _aقطر الولي على حديث الولي أو ولاية الله و الطريق إليها / |
| 264 | 1 |
_aبيروت : _bدار إحياء التراث العربي، _c[19-]. |
|
| 300 | _a570ص | ||
| 650 | 1 | 7 | _aالإسلام |
| 942 |
_2ddc _cBK |
||
| 999 |
_c56677 _d56677 |
||